000 00796nam a22002417a 4500
005 20170124110204.0
010 _aB-061611
020 _c00.00
_a0070445389
035 _aB-061611
037 _bCen Lib/Ret
040 _aDPL
_bEN
082 _a005.3
_bOLE
100 _aO'Leary, Timothy J.
_972682
245 _aMicrosoft access 2000 introductory edition /
_cby Timothy J. OLeary [and] Linda I. O'Leary
260 _aNew Delhi
_bTata McGraw hill publishing company
_c2001
270 _bNew Delhi
_a7 West patel nagar
_e110008
300 _avarious pagings:
_c25cm(Hb)
_bill.
500 _aIncludes glossary and index
650 _aMicrosoft Access
_972683
650 _aDatabase management
_9440
700 _aO'Leary, Linda I.
_972389
942 _2ddc
_cEN
_h005.3
_mOLE
999 _c133118
_d133118